000 00999nam a2200289 4500
001 30605
003 BD-RjUL
005 20211209051604.0
008 140410r19611929enk b 000 0 eng d
035 _aCURL 980076358213(Lc ) from rajwc126
035 _a(BD-RjUL)30691
040 _aBD-RjUL
_beng
_cBD-RjUL
_dBD-RjUL
041 1 _aeng
_hger
082 _bHEH V-1 1961
_223
_a160
100 1 _aHegel, Georg Wilhelm Friedrich,
_d1770-1831.
_951347
245 1 0 _aHegel's Science of logic /
_ctranslated by W.H. Johnston and L.G. Struthers ; with an introductory preface by Viscount Haldane of Cloan
_nVolume One
260 _aLondon :
_bAllen & Unwin,
_c1929 [Impression 1972]
300 _a[4] 404 p. ;
_c23 cm
504 _aBibliography: v. 2, p. [487]
650 0 _aLogic
_992980
700 _aW.H. Johnston
_992981
700 _a L.G. Struthers
_992982
830 0 _aMuirhead library of philosophy
_9168606
942 _2ddc
_cBK
999 _c30605
_d30605